00464 2200181 4500001002100000005001500021008004100036020002200077035001900099041000700118082001000125090001600135100001300151245003900164260003200203300002600235650002100261INLIS00000000000009720241224112121241224||||||||| | ||| |||| || |  a978-979-098-049-5 0010-1224000097 aid0 a371.2 a371.2 DAR a0 adaryanto00aAdministrasi dan Manajemen Sekolah aJakartabRineka Ciptac2013 aix, 282 hlm.; 23,5 cm 0aIlmu-ilmu Sosial